Upper school algebra
Saved in:
| Main Author: | |
|---|---|
| Format: | Book |
| Language: | English |
| Published: |
London :
Macmillan and Co.,
1949, c1940
|
| Edition: | 1st ed., Repr. |
| Subjects: | |
| Tags: |
Add Tag
No Tags, Be the first to tag this record!
|
MARC
| LEADER | 00000cam a2200000 i 4500 | ||
|---|---|---|---|
| 001 | 1/4320 | ||
| 008 | 100209r19491940 eng d | ||
| 035 | |l 10106717 | ||
| 040 | |a GR-MY-UA |b gre |e aacr | ||
| 041 | 0 | |a eng | |
| 082 | 0 | |a 512 |2 (22) | |
| 100 | 1 | |a Crosland, Leonard. | |
| 245 | 1 | 0 | |a Upper school algebra / |c by L. Crosland |
| 250 | |a 1st ed., Repr. | ||
| 260 | |a London : |b Macmillan and Co., |c 1949, c1940 | ||
| 300 | |a xv, 292 σ.; |c 19 εκ. | ||
| 500 | |a Being an abridged and revised edition of hall and Knight's Higher algebra | ||
| 650 | 0 | 0 | |a Algebra. |
| 852 | |a INST |b SAMOS |c MAG |e 20100209 |h 512 CRO |p 005300030674 |q 005300030674 |t BK |y 0 | ||
| 901 | |a BIBL3-2010-1 | ||
| 909 | |a Σ |b 161773 | ||
| 970 | |a ΣΙΤΖΙΜΗ |b ΓΙΑΣΕΜΗ |z 2010/02/09 | ||